000 00502nam a2200145 a 4500
008 120416s1976 ||||||||||||||||| || u
050 _aHF 5549 Chr
100 _aChruden, Herbert J
245 1 0 _aPersonnel management
250 _a5th ed.
260 _aCincinnati
_bSouth-Western Publishing Co
_c1976
300 _axi, 644p. : ill.
350 _a0.00
995 _D0.00
_FCBU-MAIN LIBRARY (Kitwe)
_H1
_I0.00
_ULOST
_ZMain Library Open Access Collection
999 _c53409
_d53409